Datum a čas kvízu
31.5
Celkem bodů
Celkový počet nahraných bodů na tomto kvízu bez doplňovacích otázek.
7.
Pořadí na kvízu
Konečné umístění týmu na tomto kvízu.
Zaznamenané odpovědi
| # | Otázka | Odpověď | Body | Výsledky |
|---|---|---|---|---|
| 1. | Starosta jedné městské části T... | v Brně | 0 | |
| 2. | Ve čtvrtek jsme se dozvěděli,... | Katy Perry | 1 | |
| 3. | Na jezeře v Mostě padl minulý... | C) otužovaly se | 1 | |
| 4. | Jak se nazývá nová platforma,... | Oneplay | 1 | |
| 5. | Ve středu odstartoval v norské... | klasické (severské) lyžování | 0 | |
| 6. | Které souostroví se v češtině... | Kapverdy | 0 | |
| 7. | V jistém městě v Královéhradec... | Červený Kostelec | 0 | |
| 8. | Která známá historická osobnos... | Adolf Hitler | 1 | |
| 9. | Jak se jmenuje národní park, v... | Yellowstonský národní park | 1 | |
| 10. | Jak se nazývá německé pohoří,... | Černý les (Schwarzwald) | 1 |